| Tag |
First Indicator |
Second Indicator |
Subfields |
| LEADER |
00000cam a2200000 4500 |
| 001 |
in00000064121 |
| 005 |
20151008051202.0 |
| 008 |
720316s1965 ctub b 00000 eng u |
| 010 |
|
|
|a 65014053
|
| 035 |
|
|
|a (OCoLC)00264296
|
| 035 |
|
|
|9 AAG6288AM
|
| 040 |
|
|
|c CWR
|d OCL
|d TXA
|d UtOrBLW
|
| 049 |
|
|
|a TXAM
|c [414146]
|
| 050 |
|
0 |
|a HN800.S6
|b V23
|
| 092 |
|
|
|a 309.168
|b V227s
|
| 100 |
1 |
|
|a Van den Berghe, Pierre L.
|
| 245 |
1 |
0 |
|a South Africa :
|b a study in conflict /
|c by Pierre L. van den Berghe.
|
| 250 |
|
|
|a [1st ed.].
|
| 264 |
|
1 |
|a Middletown, Conn. :
|b Wesleyan University Press,
|c [1965]
|
| 300 |
|
|
|a x, 372 pages :
|b maps.
|
| 336 |
|
|
|a text
|b txt
|2 rdacontent
|
| 337 |
|
|
|a unmediated
|b n
|2 rdamedia
|
| 338 |
|
|
|a volume
|b nc
|2 rdacarrier
|
| 500 |
|
|
|a "International resolutions concerning human rights in South Africa": pages [309]-314.
|
| 504 |
|
|
|a Bibliography: pages [315]-357.
|
| 650 |
|
0 |
|a Social classes
|z South Africa.
|
| 651 |
|
0 |
|a South Africa
|x Race relations.
|
| 651 |
|
0 |
|a South Africa
|x Social conditions.
|
| 999 |
|
|
|a MARS
|
| 999 |
f |
f |
|s 80c4d06b-a2ba-3fb9-aad7-c06195c2c063
|i 62ebee8c-73db-34ba-87da-7c75f6391479
|t 0
|
| 952 |
f |
f |
|p ric
|a Texas A&M University
|b Rellis Campus
|c Joint Library Facility
|d Remote Storage
|t 0
|e HN800.S6 V23
|h Library of Congress classification
|i unmediated -- volume
|m A14800649380
|
| 998 |
f |
f |
|a HN800.S6 V23
|t 0
|l Remote Storage
|